[Event "FICGS theme 0001 email"]
[Site "FICGS email"]
[Date "2011.11.22"]
[Round "1"]
[White "Baranek, Toni"]
[Black "Cirulis, Ilmars"]
[Result "0-1"]
[WhiteElo "1800"]
[BlackElo "1786"]
[PlyCount "24"]
[EventDate "2011.??.??"]
[EventType "swiss (corr)"]
[EventRounds "1"]
[SourceTitle "Corr 2013"]
[Source "ChessBase"]
[SourceDate "2012.11.12"]
[SourceVersion "1"]
[SourceVersionDate "2012.11.12"]
[SourceQuality "1"]

1. d4 Nf6 2. c4 c5 3. d5 b5 4. g3 bxc4 5. Bg2 d6 6. Nf3 Qa5+ 7. Bd2 Qa6 8. Nc3 Nbd7 9. 0-0 g6 10. Qa4 Qxa4 11. Nxa4 Bb7 12. Ba5 Bh6 0-1

[Event "FICGS class B 000142 email"]
[Site "FICGS email"]
[Date "2011.03.27"]
[Round "1"]
[White "Friend, Reuben"]
[Black "Baranek, Toni"]
[Result "1-0"]
[WhiteElo "1931"]
[BlackElo "1800"]
[PlyCount "33"]
[EventDate "2011.??.??"]
[EventType "tourn (corr)"]
[EventRounds "6"]
[SourceTitle "Corr 2013"]
[Source "ChessBase"]
[SourceDate "2012.11.12"]
[SourceVersion "1"]
[SourceVersionDate "2012.11.12"]
[SourceQuality "1"]

1. d4 Nf6 2. Nf3 e6 3. c4 b6 4. a3 Bb7 5. Nc3 d5 6. cxd5 Nxd5 7. e3 Be7 8. Bb5+ Nd7 9. Nxd5 Bxd5 10. Ne5 c6 11. Nxc6 Bxc6 12. Bxc6 Rc8 13. Qa4 Rc7 14. Bd2 0-0 15. Rc1 Nf6 16. 0-0 Qc8 17. Bf3 1-0